| 000 | 00611nam a2200205 4500 | ||
|---|---|---|---|
| 003 | SEACOMEC | ||
| 005 | 20240322120028.0 | ||
| 008 | 240322b |||||||| |||| 00| 0 eng d | ||
| 020 |
_a978-0070423152 _cRs.295.00 |
||
| 040 | _aSEACOMEC | ||
| 041 | _aEnglish | ||
| 082 |
_a621.381 _bM655 |
||
| 100 | _aMillman, Jacob | ||
| 245 |
_aIntegrated Electronics _bAnalogue and Digital Circuits and Systems _c/Jacob Millman and Christos C. Halkias |
||
| 260 |
_aNew Delhi _bMcGraw Hill Higher Education _c2005 |
||
| 300 | _a752p | ||
| 650 | _aElectrical Engineering | ||
| 700 | _aHalkias, Christos C. | ||
| 942 | _cBOOK | ||
| 999 |
_c837 _d837 |
||